书目信息 |
| 题名: |
高等画法几何学
|
|
| 作者: | 徐宏文 编著 | |
| 分册: | ||
| 出版信息: | 1987 |
|
| 页数: | 355页 | |
| 开本: | 26cm | |
| 丛书名: | ||
| 单 册: | ||
| 中图分类: | O185.2 | |
| 科图分类: | ||
| 主题词: | 画法几何 | |
| 电子资源: | ||
| ISBN: | ||
| 000 | 00592nam0 2200229 45 | |
| 001 | 0187008188 | |
| 005 | 20041224151551.6 | |
| 010 | @dCNY5.45 | |
| 091 | @a15212.205 | |
| 100 | @a19900808d1987 em y0chiy0121 ea | |
| 101 | 0 | @achi |
| 102 | @aCN@b120000 | |
| 105 | @ay z 000yy | |
| 200 | 10 | @a高等画法几何学@Agao deng hua fa ji he xue@f徐宏文编著@FXu Hong Wen Bian Zhu |
| 210 | @d1987 | |
| 215 | @a355页@d26cm | |
| 606 | @a画法几何 | |
| 690 | @aO185.2@v3 | |
| 701 | 0 | @a徐宏文@4编著 |
| 801 | 0 | @aCN@b深圳图书馆@c20040524 |
| 801 | 2 | @aCN@bNLC@c20040524 |
| 905 | @dO185.2@e18@f1@b206012 | |
| 高等画法几何学/徐宏文编著.-1987 |
| 355页;26cm |
| ISBN :CNY5.45 |
| ● |
| 相关链接 |
|
|
|
|
正题名:高等画法几何学
索取号:O185.2/18
 
预约/预借
| 序号 | 登录号 | 条形码 | 馆藏地/架位号 | 状态 | 备注 |
| 1 | 0206012 | 001971245 | 第三借阅区/ [索取号:O185.2/18] | 在馆 | |
| 2 | 0206911 | 000406938 | 第三借阅区/ [索取号:O185.2/18] | 在馆 |